• 首页
  • 本馆介绍
  • 公告通知
  • 最新文献
  • 馆藏检索
  • 电子资源
  • 读者导购
  • 参考咨询
  • 我的图书馆
  • 登录
  • 详细信息显示
  • 放入我的书架
  • 预约/预借图书
  • 作者相关作品
  • 分类相关作品
  • 丛书相关作品
  • 出版社相关作品

书目信息

  • 表格格式
  • 工作单格式
  • 卡片格式
题名:
不让一个学生掉队
    
 
作者: 乔鹤 著
分册:  
出版信息: 重庆   西南师范大学出版社  2015
页数: 182页
开本: 24cm
丛书名: 名师工程系列丛书
单 册:
中图分类: G455
科图分类:
主题词: 学生工作--xue sheng gong zuo--研究 , 研究--yan jiu
电子资源:
ISBN: 978-7-5621-6829-4
000 01405nam0 22002891 450
001 1759783394
005 20170603153350.0
010    @a978-7-5621-6829-4@dCNY28.00
100    @a20150915d2015 em y0chiy50 ea
101 0  @achi
102    @aCN@b500000
105    @ay z 000yy
106    @ar
200 1  @a不让一个学生掉队@Abu rang yi ge xue sheng diao dui@e国际视野下的教育均衡实践@f乔鹤著
210    @a重庆@c西南师范大学出版社@d2015
215    @a182页@d24cm
225 2  @a名师工程系列丛书@Aming shi gong cheng xi lie cong shu@i国际视野系列
300    @a“国培计划”优秀成果出版工程 “国培计划”全国优秀研修成果数字出版平台
330    @a本书共分为三篇:第一篇,重点关注不同区域间的教育均衡问题,主要内容包括:全纳教育、教育优先区、教育信息化、教育经费投入、大学入学考试制度改革五个方面;第二篇,重点关注学校间的差异,主要内容包括:爱生学校、寄宿制学校、薄弱学校改进、择校制、中小学校车制度五个方面;第三篇,重点关注义务教育均衡发展的主要利益群体如教师和学生,主要内容包括:教师绩效工资制度、教师流动制度、教育券制度、保障弱势群体的教育权利、免费午餐计划五个方面。
461  0 @12001 @a名师工程系列丛书
517 1  @a国际视野下的教育均衡实践@Aguo ji shi ye xia de jiao yu jun heng shi jian
606 0  @a学生工作@Axue sheng gong zuo@x研究
606 0  @a研究@Ayan jiu
690    @aG455@v5
701  0 @a乔鹤@Aqiao he@4著
801  0 @aCN@bTANGWEI@c20170518
905    @b1007610-5@dG455@e172@f6
    
    不让一个学生掉队:国际视野下的教育均衡实践/乔鹤著.-重庆:西南师范大学出版社,2015
    182页;24cm.-(名师工程系列丛书.国际视野系列)
    “国培计划”优秀成果出版工程 “国培计划”全国优秀研修成果数字出版平台
    
    ISBN 978-7-5621-6829-4:CNY28.00
    本书共分为三篇:第一篇,重点关注不同区域间的教育均衡问题,主要内容包括:全纳教育、教育优先区、教育信息化、教育经费投入、大学入学考试制度改革五个方面;第二篇,重点关注学校间的差异,主要内容包括:爱生学校、寄宿制学校、薄弱学校改进、择校制、中小学校车制度五个方面;第三篇,重点关注义务教育均衡发展的主要利益群体如教师和学生,主要内容包括:教师绩效工资制度、教师流动制度、教育券制度、保障弱势群体的教育权利、免费午餐计划五个方面。
●
相关链接 在E读中查询图书 在五车中查询图书 在当当中查询图书 在豆瓣中查询图书


正题名:不让一个学生掉队     索取号:G455/172         预约/预借

序号 登录号 条形码 馆藏地/架位号 状态 备注
1 1007610   210076102   第一样本阅览室/ [索取号:G455/172] 在馆    
2 1007611   210076111   教育系资料室/ [索取号:G455/172] 在馆    
3 1007612   210076120   教育系资料室/ [索取号:G455/172] 在馆    
4 1007613   210076139   教育系资料室/ [索取号:G455/172] 在馆    
5 1007614   210076148   第四借阅区/ [索取号:G455/172] 在馆    
6 1007615   210076157   第四借阅区/ [索取号:G455/172] 在馆    
欢迎您!
大连网信软件有限公司© 版权所有